00777nam a2200241 a 450000100060000000300080000600500170001400800410003103500190007204000260009104100080011708200250012510000470015024501040019725000140030126000320031530000320034750400490037965000250042865000210045370000240047470000370049875114BD-RjUL20211209082641.0960208s1960 enk 000 0 eng d a(BD-RjUL)75332 aBD-RjULbengcBD-RjUL aeng 223a548.83bHEI 19601 aHenry, N. F. M.q(Norman Fordyce McKerron)14aThe interpretation of X-ray diffraction photographs /cby N.F.M. Henry, H. Lipson and W.A. Wooster. a[2nd ed.] aLondon :bMacmillan,c1960. ax, 282 p. :bill. ;c25 cm. aIncludes Bibliographical reference and Index 0aX-raysxDiffraction. 0aCrystallography.1 aLipson, H.q(Henry)1 aWooster, W. A.q(William Alfred)